Data Analytics (Record no. 40053)
[ view plain ]
| 000 -LEADER | |
|---|---|
| fixed length control field | 00461nam a2200181Ia 4500 |
| 008 - FIXED-LENGTH DATA ELEMENTS--GENERAL INFORMATION | |
| fixed length control field | 220531s9999 xx 000 0 und d |
| 041 ## - LANGUAGE CODE | |
| Language code of text/sound track or separate title | eng |
| 082 ## - DEWEY DECIMAL CLASSIFICATION NUMBER | |
| Item number | DAT / BHA |
| 100 ## - MAIN ENTRY--PERSONAL NAME | |
| Personal name | Bharambe, M. & Patil H. |
| 9 (RLIN) | 71642 |
| 245 ## - TITLE STATEMENT | |
| Title | Data Analytics |
| 250 ## - EDITION STATEMENT | |
| Edition statement | 1 st |
| 260 ## - PUBLICATION, DISTRIBUTION, ETC. (IMPRINT) | |
| Place of publication, distribution, etc. | Pune |
| Name of publisher, distributor, etc. | Nirali |
| Date of publication, distribution, etc. | 2022 |
| 300 ## - PHYSICAL DESCRIPTION | |
| Extent | 4.58 |
| 542 ## - INFORMATION RELATING TO COPYRIGHT STATUS | |
| Copyright holder | 08-03-2022 |
| 650 ## - SUBJECT ADDED ENTRY--TOPICAL TERM | |
| Topical term or geographic name as entry element | Data Analytics |
| 9 (RLIN) | 71643 |
| 906 ## - LOCAL DATA ELEMENT F, LDF (RLIN) | |
| c | T.Y.B.Sc.(Comp.) |
| d | 2021-2022 |
| f | 20448 |
| Withdrawn status | Lost status | Source of classification or shelving scheme | Damaged status | Not for loan | Collection code | Home library | Current library | Date acquired | Vendor | Cost, normal purchase price | Total Checkouts | Total Holds | Full call number | Barcode | Date last seen | Date last checked out | Cost, replacement price | Bill Date | Koha item type | Original Barcode |
|---|---|---|---|---|---|---|---|---|---|---|---|---|---|---|---|---|---|---|---|---|
| Dewey Decimal Classification | Shri Siddhivinayak Mahila Mahavidyalaya | Shri Siddhivinayak Mahila Mahavidyalaya | 15/03/2022 | Nirali | 230.00 | 4 | 5 | /DAT/BHA/B/31089 | SSMM-BK-31089 | 12/03/2026 | 11/03/2026 | 230.00 | 06/08/2022 | Books | 010031089 |